| 000 | 00481nam a2200181Ia 4500 | ||
|---|---|---|---|
| 008 | 230718s9999 xx 000 0 und d | ||
| 020 | _a9781935707660 | ||
| 041 | _aeng | ||
| 082 | _a650 | ||
| 100 | _aManhattan GMAT | ||
| 245 |
_aReading Comprehension _bGMAT Strategy Guide 7 |
||
| 250 | _a5th ed. | ||
| 260 |
_c2012 _bMG Prep,Inc. |
||
| 300 | _a159 | ||
| 365 |
_cRs. _b1523.60 |
||
| 700 | _aManhattan GMAT | ||
| 906 |
_dO:0309117-Oct-2012B:147322-Sep-2012 _cGENRL _b380.9 |
||
| 999 |
_c331489 _d331489 |
||